| 000 | 00556nam a2200193 i 4500 | ||
|---|---|---|---|
| 001 | 63708 | ||
| 003 | ES-MaACL | ||
| 005 | 20230906164940.0 | ||
| 007 | t| | ||
| 008 | 031216s1945 be ||||1| fre d | ||
| 100 | 1 |
_aFierens, Paul. _950706 |
|
| 245 | 1 | 3 |
_aLa grand' place de Bruxelles / _cPaul Fierens. |
| 260 |
_aBruxelles : _bCercle d'Art, _c1945 ( _fHenri Waters) |
||
| 300 |
_a19 h., 32 lám. ; _c25 cm. |
||
| 490 | 1 | _aL'art en Belgique | |
| 830 | 0 |
_aL'art en Belgique _9182903 |
|
| 852 |
_aES-MaACL _j1876-F-11 _bR.25281 |
||
| 999 |
_c63708 _d63708 |
||